01584 a2200241 450000500170000000800410001704000680005804100080012604100080013424500590014226000680020130000460026950003300031550802940064551101650093954600600110465000290116465000250119365000410121870000320125971000230129171000280131420140904084138.0140322s2000 xxu g 0 m mul d aCO-BoUCMbspacJose A. Gerena (modificó)dAldemar Mondragón aeng afre00aThe next best thingcJohn Schlesinger, directorh[DVD] aHollywood (Los Ángeles, california)bParamount Picturesc2000 a1 DVD, 107 minutosbimagen, sonido, color aSINOPSIS: Una comedia dramática sobre los mejores amigos. Una mujer recta, Abbie, el otro un hombre gay, Robert que deciden tener un hijo juntos. Cinco años más tarde, Abbie se enamora de un hombre recto y quiere alejarse de él junto a su hijo pequeño, y entonces una batalla por la custodia desagradable se produce aCRÉDITOS: Dirigida por John Schlesinger ; escrita por Tom Ropelewski ; fotografía por Elliot Davis ; diseño de producción por Howard Cummings ; dirección de arte por David Lazan ; ambientación por Jan K. Bergstrom ; vestuario por Ruth Myers ; efectos visuales por Erik Strauss 0 aREPARTO: Madonna, Rupert Everett, Benjamin Bratt, Illeana Douglas, Michael Vartan, Josef Sommer, Malcolm Stumpf, Lynn Redgrave, Neil Patrick Harris, Mark Valley aAudio en inglés y francés. Subtítulos en inglés 7aAmistad en el cine vDVD 7aAmor en el cinevDVD 7aPelículas cinematográficasvDVD 1 aSchlesinger, Johnedirector2 aParamount Pictures2 aLakeshore Entertainment